STN 44 6403 Banské požiarne vodovody

Bibliographic Details
Format: Book
Language:Undetermined
Published: Bratislava Slovenský ústav technickej literatúry 1997

MARC

LEADER 00000nam a2200000 a 4500
001 vtls001313388
003 SK-MaSNL
005 20260223194733.0
008 130606sm y0 xo 0 und
035 |a SNK000265808 
040 |a SNK  |b slo  |c SNK  |e AACR2 
044 |a xo  |c SK 
245 1 |a STN 44 6403 Banské požiarne vodovody 
260 |a Bratislava  |b Slovenský ústav technickej literatúry  |c 1997 
300 |a 12 s. 
999 |c 677921  |d 679851 
952 |t P60, <03>, [BOOK], {603}  |a SNK  |b SNK  |y PREZ  |7 0  |p 17A0092018  |o snkSTN 44 6403  |i snkN 107/97  |0 0  |1 0  |4 0  |d 1997-12-04  |l 0  |r 2005-01-02 00:00:00  |w 2026-02-23 
952 |t P60, <04>, [BOOK], {604}  |a SNK  |b SNK  |y VYP  |7 0  |p 17A0092019  |o snkSTN 44 6403 D1  |i snkN 108/97  |0 0  |1 0  |4 0  |d 1997-12-04  |l 0  |r 2005-01-02 00:00:00  |w 2026-02-23